Statistics for Werewolf By Night Quiz (SPOILERS)

Click here to take the quiz!

General Stats

  • This quiz has been taken 16 times
    (15 since last reset)
  • The average score is 3 of 9

Answer Stats

ActorRole% Correct
Carey JonesMan-Thing
100%
Laura DonnellyElsa Bloodstone
75%
Gael García BernalJack Russell/Werewolf By Night
75%
Harriet Sansom HarrisVerussa
33%
Daniel J. WattsBarasso
17%
Kirk R. ThatcherJovan
17%
Eugenie BondurantAzarel
8%
Al HamacherBilly Swan
8%
Leonardo NamLiorn
8%

Score Distribution

Percentile by Number Answered

Percent of People with Each Score

Your Score History

You have not taken this quiz since the last reset